Namiesto záveru: urobiť zmenu opäť možnou

Úvahy ohľadom demokracie.

Gespeichert in:
Bibliographische Detailangaben
1. Verfasser: Augustín, Michael, 1991-
Format: Buchkapitel
Sprache:Slowakisch
Schlagworte:
Tags: Tag hinzufügen
Keine Tags, Fügen Sie das erste Tag hinzu!

MARC

LEADER 00000naa$a2200000$$$4500
001 0273146
005 20240502074314.8
041 0 |a slo 
044 |a SK 
245 1 0 |a Namiesto záveru: urobiť zmenu opäť možnou  |c Michael Augustín 
520 |a Úvahy ohľadom demokracie. 
610 2 0 |a demokracia 
610 2 0 |a spoločnosť 
610 2 0 |a politika 
610 2 0 |a liberalizmus 
100 1 |a Augustín, Michael, 1991-